000 01412cam a2200361Ka 4500
001 z9mscp b3006256
003 OSt
005 20250310084407.0
008 090416s2009 sp a j 000 1 spa d
020 _a9788483430620
020 _a8483430622
035 _a(OCoLC)434721091
040 _aBNM
_bspa
_cBNM
_dOCLCQ
_dNTG
092 _aJ JARQUE SPANISH
100 1 _aJarque, Marta,
_d1962-
_0https://id.loc.gov/authorities/names/no2010085038.
245 1 0 _aDaniel quiere ser detective /
_cMarta Jarque, texto ; Daniel Jim©♭nez, ilustraciones.
250 _a1a. ed.
264 1 _a[Barcelona] :
_bBamb©ð,
_c2009.
300 _a41 pages :
_bcolor illustrations ;
_c19 cm.
336 _atext
_btxt
_2rdacontent.
337 _aunmediated
_bn
_2rdamedia.
338 _avolume
_bnc
_2rdacarrier.
385 _nage
_aChildren
_2lcdgt.
490 1 _aPrimeros lectores ;
_v9.
546 _aIn Spanish.
655 7 _aDetective and mystery fiction.
_2lcgft
_0https://id.loc.gov/authorities/genreForms/gf2014026280.
655 7 _aSpanish language edition
_vJuvenile
_vFiction.
_2local.
700 1 _aJim©♭nez, Daniel.
_0https://id.loc.gov/authorities/names/n98000347.
830 0 _aPrimeros lectores (Bamb©ð Editorial) ;
_0https://id.loc.gov/authorities/names/no2009052957
_v9.
830 0 _aPrimeros lectores ;
_0https://id.loc.gov/authorities/names/no2003016897
_v9.
907 _a.b243603873
942 _cBK
999 _c30870
_d30868